Das Jahr 1824 - Statistiken

Allgemein
  • Dieses Quiz wurde 73 mal gespielt
  • Das Durchschnittsergebnis liegt bei 10 aus 18
Antwortstatistiken
Datum Ereignis % Korrekt
7. Mai In Wien findet die Uraufführung der 9. Sinfonie von {Ludwig} {van} {Beethoven} statt, bei der der ertaubte Komponist nicht mehr selbst dirigieren kann.
95%
1. Januar Die preußische Post stellt die ersten öffentlichen {Briefkästen} auf.
91%
7. November Der schwersten Sturmflut in der Geschichte der russischen Hauptstadt {Sankt} {Petersburg} fallen unzählige Menschen und Gebäude zum Opfer.
84%
20. Februar William Buckland veröffentlicht die erste anhand von Fossilienfunden rekonstruierte Beschreibung eines {Dinosauriers}.
83%
10. Februar Der südamerikanische Freiheitskämpfer Simón Bolívar wird zum Diktator von {Peru} ernannt.
72%
25. Oktober Der schwedische Wissenschaftler Berzelius entdeckt, dass es sich bei dem Stoff {Bor} um ein chemisches Element handelt (mit dem Elementsymbol B und der Ordnungszahl 5).
67%
7. März Die Hauptstadt des damaligen US-Territoriums und späteren Bundesstaates {Florida} wird von St. Augustine in das gerade gegründete Tallahassee verlegt.
50%
21. Dezember In London stirbt der britische Arzt James {Parkinson}, nach dem eine auch Schüttellähmung genannte Krankheit benannt wurde.
50%
2. Dezember Die US-Präsidentschaftswahl endet, ohne dass ein Kandidat die absolute Mehrheit gewonnen hat; im Anschluss wählt das Repräsentantenhaus den Zweitplatzierten John Quincy {Adams} zum Präsidenten.
48%
2. März Im böhmischen Litomyšl kommt der Komponist {Bedřich} {Smetana} ("Die Moldau") zur Welt.
48%
19. April Der englische Dichter Lord {Byron} stirbt in Griechenland, wo er den Freiheitskampf unterstützt hatte.
41%
10. November Mit dem württembergischen Schiff "Wilhelm" beginnt die regelmäßige Dampfschifffahrt auf dem {Bodensee}.
41%
14. Juli Wenige Tage nach seiner Frau stirbt auch König Kamehameha II. von {Hawaii} bei einem Staatsbesuch in England an den Masern.
36%
4. Oktober {Mexiko} erhält nach US-amerikanischem Vorbild eine erste republikanische Verfassung und organisiert sich als Bundesstaat.
34%
15. Juni Deutsche Wissenschaftler entdecken die hervorragende Wirksamkeit des aus Fischen wie dem Kabeljau gewonnenen {Lebertrans} gegen die Krankheit Rachitis.
33%
3. Oktober Im sauerländischen Grevenstein wird die Brauerei {Veltins} gegründet, deren Bier heute zu den in Deutschland meistverkauften Marken gehört.
29%
2. Oktober Hamilton Hume und William Hovell brechen zu einer Expedition auf, um das Hinterland des von Großbritannien beanspruchten Ostens von {Australien} zu erkunden.
28%
16. September Nach dem Tod seines Bruders Ludwig XVIII. wird {Karl} X. König von Frankreich; sechs Jahre später sollte er im Zuge der Julirevolution abdanken.
19%
Keine übereinstimmenden Quizze gefunden
Verteilung der Resultate
Anzahl Personen mit jedem Resultat
Perzentil nach korrekt beantworteten Fragen
Ihre Resultats-Entwicklung
Sie haben dieses Quiz noch nicht gespielt